[Event "Skakliga 2007-08"]
[Site "Denmark"]
[Date "2007.11.18"]
[Round "3.7"]
[White "Nielsen, Jorgen G"]
[Black "Rathlev, Jakob"]
[Result "1/2-1/2"]
[WhiteElo "2149"]
[BlackElo "2160"]
[PlyCount "80"]
[EventDate "2007.11.10"]
[EventType "team-tourn"]
[EventRounds "9"]
[EventCountry "DEN"]
[Source "ChessBase"]
[SourceDate "2003.11.25"]
[WhiteTeam "Aalborg"]
[BlackTeam "Jetsmark"]
[WhiteTeamCountry "DEN"]
[BlackTeamCountry "DEN"]

1. d4 e6 2. Nf3 f5 3. g3 Nf6 4. c4 c6 5. Bg2 d5 6. O-O Bd6 7. b3 Qe7 8. Bb2 b6
9. Ne5 Bb7 10. Nd2 O-O 11. Rc1 Rc8 12. f3 c5 13. e3 Nbd7 14. Qe2 cxd4 15. exd4
Nxe5 16. dxe5 Bc5+ 17. Kh1 Ne8 18. cxd5 Bxd5 19. Nc4 Nc7 20. Rfd1 Rd8 21. Bd4
Bxc4 22. Qxc4 Bxd4 23. Rxd4 Nd5 24. f4 Ne3 25. Qd3 Nxg2 26. Kxg2 Rxd4 27. Qxd4
Rd8 28. Qc3 h6 29. h4 g5 30. hxg5 hxg5 31. Rc2 gxf4 32. gxf4 Kf7 33. Rd2 Rg8+
34. Kf1 Rg4 35. Rf2 Qb7 36. Qf3 Qa6+ 37. Qe2 Qa3 38. Qd2 Qa6+ 39. Qe2 Qa3 40.
Qd2 Qa6+ 1/2-1/2

[Event "Skakliga 2007-08"]
[Site "Denmark"]
[Date "2007.11.18"]
[Round "3.8"]
[White "Rasmussen, Henning Lau"]
[Black "Andersen, Soren"]
[Result "1/2-1/2"]
[WhiteElo "2104"]
[BlackElo "2047"]
[PlyCount "25"]
[EventDate "2007.11.10"]
[EventType "team-tourn"]
[EventRounds "9"]
[EventCountry "DEN"]
[Source "ChessBase"]
[SourceDate "2003.11.25"]
[WhiteTeam "Jetsmark"]
[BlackTeam "Aalborg"]
[WhiteTeamCountry "DEN"]
[BlackTeamCountry "DEN"]

1. d4 d5 2. c4 c6 3. Nf3 Nf6 4. e3 e6 5. b3 Bd6 6. Bd3 O-O 7. O-O b6 8. Nbd2
Bb7 9. e4 dxe4 10. Nxe4 Nxe4 11. Bxe4 Nd7 12. Re1 h6 13. Bb2 1/2-1/2

[Event "Skakliga 2007-08"]
[Site "Denmark"]
[Date "2007.11.18"]
[Round "3.1"]
[White "Lund, Silas"]
[Black "Hansen, Sune Berg"]
[Result "1/2-1/2"]
[WhiteElo "2401"]
[BlackElo "2567"]
[PlyCount "129"]
[EventDate "2007.11.10"]
[EventType "team-tourn"]
[EventRounds "9"]
[EventCountry "DEN"]
[Source "ChessBase"]
[SourceDate "2003.11.25"]
[WhiteTeam "K41"]
[BlackTeam "Helsingor"]
[WhiteTeamCountry "DEN"]
[BlackTeamCountry "DEN"]

1. d4 Nf6 2. c4 e6 3. Nc3 d5 4. Nf3 c6 5. e3 Nbd7 6. Bd3 dxc4 7. Bxc4 b5 8. Be2
Bb7 9. O-O a6 10. a3 c5 11. dxc5 Bxc5 12. b4 Be7 13. Bb2 O-O 14. a4 bxa4 15.
Qxa4 Bd6 16. Rfd1 Qe7 17. b5 axb5 18. Qxb5 Rab8 19. Qd3 Bxf3 20. Bxf3 Bxh2+ 21.
Kxh2 Rxb2 22. Ra7 Qc5 23. Qd4 Qxd4 24. Rxd4 Ne5 25. Kg3 g6 26. Kf4 Nxf3 27.
Kxf3 h5 28. Rda4 Rc8 29. Ra8 Rxa8 30. Rxa8+ Kg7 31. Ra2 Rxa2 32. Nxa2 Ng4 33.
Nc3 Kf6 34. Ne4+ Ke7 35. Ng5 f6 36. Nh3 g5 37. Ke2 Nh6 38. Kd3 Kd6 39. Ng1 Nf7
40. Ne2 h4 41. Ng1 Kd5 42. e4+ Kd6 43. Ke3 Kc5 44. Nf3 Nh6 45. Ke2 Ng4 46. Ne1
Ne5 47. f3 Ng6 48. Nc2 Nf4+ 49. Kf2 Nd3+ 50. Ke2 Ne5 51. Ke3 Nc4+ 52. Ke2 Kd6
53. Kd3 Ne5+ 54. Ke2 g4 55. fxg4 Nxg4 56. Nd4 Ke5 57. Kd3 Nf2+ 58. Ke3 Nxe4 59.
Nxe6 Kxe6 60. Kxe4 f5+ 61. Kf4 Kf6 62. Ke3 Kg5 63. Kf3 f4 64. Ke2 Kg4 65. Kf2
1/2-1/2

[Event "Skakliga 2007-08"]
[Site "Denmark"]
[Date "2007.11.18"]
[Round "3.2"]
[White "Mortensen, Erling"]
[Black "Ost Hansen, Jacob"]
[Result "1-0"]
[WhiteElo "2456"]
[BlackElo "2415"]
[PlyCount "55"]
[EventDate "2007.11.10"]
[EventType "team-tourn"]
[EventRounds "9"]
[EventCountry "DEN"]
[Source "ChessBase"]
[SourceDate "2003.11.25"]
[WhiteTeam "Helsingor"]
[BlackTeam "K41"]
[WhiteTeamCountry "DEN"]
[BlackTeamCountry "DEN"]

1. e4 c5 2. Nf3 e6 3. d4 cxd4 4. Nxd4 Nc6 5. Nc3 a6 6. Be3 Nge7 7. Nb3 b6 8. f4
Bb7 9. Qd2 Nc8 10. O-O-O Bb4 11. a3 Be7 12. g4 Qc7 13. Bg2 b5 14. Nc5 d6 15.
Nxb7 Qxb7 16. e5 O-O 17. f5 Rd8 18. fxe6 fxe6 19. Nd5 dxe5 20. Nxe7+ Qxe7 21.
Qe2 Rxd1+ 22. Rxd1 Qe8 23. Bxc6 Qxc6 24. Rd8+ Kf7 25. Qf1+ Kg6 26. h4 h6 27.
Rh8 Nd6 28. h5# 1-0

[Event "Skakliga 2007-08"]
[Site "Denmark"]
[Date "2007.11.18"]
[Round "3.3"]
[White "Greger, Roland Reinhard"]
[Black "Nielsen, Nicholas Roland"]
[Result "1-0"]
[WhiteElo "2359"]
[BlackElo "2219"]
[PlyCount "57"]
[EventDate "2007.11.10"]
[EventType "team-tourn"]
[EventRounds "9"]
[EventCountry "DEN"]
[Source "ChessBase"]
[SourceDate "2003.11.25"]
[WhiteTeam "K41"]
[BlackTeam "Helsingor"]
[WhiteTeamCountry "DEN"]
[BlackTeamCountry "DEN"]

1. e4 c5 2. Nf3 Nc6 3. d4 cxd4 4. Nxd4 Nf6 5. Nc3 e5 6. Ndb5 d6 7. Bg5 a6 8.
Na3 b5 9. Nd5 Qa5+ 10. Bd2 Qd8 11. Bd3 Nxd5 12. exd5 Ne7 13. c4 g6 14. cxb5 Bg7
15. O-O O-O 16. Bb4 Nxd5 17. Be4 Nxb4 18. Bxa8 d5 19. Qd2 a5 20. Rad1 Bg4 21.
Bxd5 Bxd1 22. Rxd1 Qb6 23. g3 Rc8 24. Nc4 Qc5 25. Bxf7+ Kxf7 26. Nd6+ Ke7 27.
Nxc8+ Qxc8 28. a3 Na2 29. Qd6+ 1-0

[Event "Skakliga 2007-08"]
[Site "Denmark"]
[Date "2007.11.18"]
[Round "3.4"]
[White "Jorgensen, Michael"]
[Black "Olesen, Martin"]
[Result "1-0"]
[WhiteElo "2217"]
[BlackElo "2295"]
[PlyCount "47"]
[EventDate "2007.11.10"]
[EventType "team-tourn"]
[EventRounds "9"]
[EventCountry "DEN"]
[Source "ChessBase"]
[SourceDate "2003.11.25"]
[WhiteTeam "Helsingor"]
[BlackTeam "K41"]
[WhiteTeamCountry "DEN"]
[BlackTeamCountry "DEN"]

1. d4 d5 2. Nf3 Nc6 3. Bf4 Bg4 4. e3 e6 5. Be2 Nf6 6. h3 Bh5 7. Nbd2 Bd6 8. c3
Qe7 9. Ne5 Bxe2 10. Qxe2 Bxe5 11. dxe5 Nd7 12. Nf3 O-O-O 13. O-O-O h6 14. h4
Qc5 15. h5 Qc4 16. Qxc4 dxc4 17. Bg3 Nc5 18. Rxd8+ Rxd8 19. Rh4 Rd5 20. Rxc4
Nd3+ 21. Kc2 Ncxe5 22. Nxe5 Nxe5 23. Rd4 Ra5 24. b4 1-0

[Event "Skakliga 2007-08"]
[Site "Denmark"]
[Date "2007.11.18"]
[Round "3.5"]
[White "Naes, Flovin Tor"]
[Black "Larsen, Ole Bogh"]
[Result "0-1"]
[WhiteElo "2243"]
[BlackElo "2235"]
[PlyCount "70"]
[EventDate "2007.11.10"]
[EventType "team-tourn"]
[EventRounds "9"]
[EventCountry "DEN"]
[Source "ChessBase"]
[SourceDate "2003.11.25"]
[WhiteTeam "K41"]
[BlackTeam "Helsingor"]
[WhiteTeamCountry "DEN"]
[BlackTeamCountry "DEN"]

1. d4 Nf6 2. c4 g6 3. Nc3 d5 4. cxd5 Nxd5 5. e4 Nxc3 6. bxc3 Bg7 7. Bc4 c5 8.
Ne2 Nc6 9. Be3 O-O 10. O-O Qc7 11. Rc1 Rd8 12. Qa4 Bd7 13. Qa3 Na5 14. Bd5 Bc6
15. Bxc6 Nxc6 16. Qxc5 Qd7 17. Qb5 b6 18. Rc2 Rac8 19. Rfc1 Qb7 20. f3 e6 21.
e5 Ne7 22. Bg5 Rd5 23. Qb3 Nf5 24. Ng3 Nxg3 25. hxg3 Qc6 26. Be3 Qd7 27. c4
Rxd4 28. Bxd4 Qxd4+ 29. Kh1 Qxe5 30. Qb5 Qxg3 31. Rd1 Qh4+ 32. Kg1 Bd4+ 33. Kf1
Qh1+ 34. Ke2 Qxg2+ 35. Ke1 Qxc2 0-1

[Event "Skakliga 2007-08"]
[Site "Denmark"]
[Date "2007.11.18"]
[Round "3.6"]
[White "Vinther Juul, Kristian"]
[Black "Clausen, Steen"]
[Result "1-0"]
[WhiteElo "2127"]
[BlackElo "2240"]
[PlyCount "57"]
[EventDate "2007.11.10"]
[EventType "team-tourn"]
[EventRounds "9"]
[EventCountry "DEN"]
[Source "ChessBase"]
[SourceDate "2003.11.25"]
[WhiteTeam "Helsingor"]
[BlackTeam "K41"]
[WhiteTeamCountry "DEN"]
[BlackTeamCountry "DEN"]

1. e4 c5 2. Nf3 d6 3. d4 cxd4 4. Nxd4 Nf6 5. Nc3 a6 6. Be3 Nbd7 7. g4 Nc5 8. f3
e5 9. Nf5 g6 10. Ng3 Be6 11. g5 Ng8 12. Qd2 Be7 13. h4 h6 14. h5 hxg5 15. hxg6
Rxh1 16. gxf7+ Bxf7 17. Nxh1 g4 18. fxg4 Nf6 19. Nf2 Qd7 20. g5 Nh5 21. O-O-O
Qc6 22. Bh3 Ng3 23. Bxc5 Qxc5 24. g6 Bxg6 25. Nd3 Qd4 26. Qh6 Bf7 27. Be6 Nxe4
28. Bxf7+ Kxf7 29. Qh7+ 1-0

[Event "Skakliga 2007-08"]
[Site "Denmark"]
[Date "2007.11.18"]
[Round "3.7"]
[White "Laursen, Niels Norskov"]
[Black "Dalsberg, Sandra de Blecourt"]
[Result "1/2-1/2"]
[WhiteElo "2170"]
[BlackElo "2052"]
[PlyCount "51"]
[EventDate "2007.11.10"]
[EventType "team-tourn"]
[EventRounds "9"]
[EventCountry "DEN"]
[Source "ChessBase"]
[SourceDate "2003.11.25"]
[WhiteTeam "K41"]
[BlackTeam "Helsingor"]
[WhiteTeamCountry "DEN"]
[BlackTeamCountry "DEN"]

1. e4 d5 2. exd5 Qxd5 3. Nc3 Qa5 4. d4 Nf6 5. Nf3 c6 6. Bc4 Bf5 7. Bd2 e6 8.
Qe2 Bb4 9. O-O O-O 10. a3 Bxc3 11. Bxc3 Qc7 12. Ne5 Nbd7 13. Bb3 Rad8 14. g4
Nxe5 15. gxf5 Neg4 16. f3 Nh6 17. fxe6 Nd5 18. Rae1 Nf5 19. Qe5 Qxe5 20. Rxe5
fxe6 21. Rxe6 Kh8 22. Re4 Nf6 23. Rf4 Nh5 24. Re4 Nf6 25. Rf4 Nh5 26. Re4
1/2-1/2

[Event "Skakliga 2007-08"]
[Site "Denmark"]
[Date "2007.11.18"]
[Round "3.8"]
[White "Jensen, Ib"]
[Black "Kragh, Niels Kristian"]
[Result "0-1"]
[WhiteElo "1930"]
[BlackElo "2147"]
[PlyCount "88"]
[EventDate "2007.11.10"]
[EventType "team-tourn"]
[EventRounds "9"]
[EventCountry "DEN"]
[Source "ChessBase"]
[SourceDate "2003.11.25"]
[WhiteTeam "Helsingor"]
[BlackTeam "K41"]
[WhiteTeamCountry "DEN"]
[BlackTeamCountry "DEN"]

1. d4 e6 2. Bf4 f5 3. e3 Nf6 4. Bd3 b6 5. Nf3 Be7 6. c4 Bb7 7. Nc3 O-O 8. O-O
Na6 9. a3 c5 10. d5 Nh5 11. Ne5 Nxf4 12. exf4 Nc7 13. Bc2 d6 14. Nf3 exd5 15.
cxd5 Bf6 16. Bxf5 g6 17. Be6+ Nxe6 18. dxe6 Bxc3 19. bxc3 Rxf4 20. Re1 Qe7 21.
Re3 Raf8 22. Qe2 R8f5 23. Rd1 Bxf3 24. gxf3 Rh4 25. Qd3 d5 26. Qxd5 Rxd5 27.
Rxd5 Ra4 28. Rd7 Qe8 29. Rd2 Rxa3 30. e7 Kf7 31. Rd8 Qxe7 32. Rxe7+ Kxe7 33.
Rh8 Rxc3 34. Rxh7+ Kf6 35. Rxa7 b5 36. Rb7 b4 37. Kf1 b3 38. Ke2 c4 39. Rb4 Ke5
40. Kd2 Rc2+ 41. Ke3 Kd5 42. h4 b2 43. f4 c3 44. Kd3 Rc1 0-1

[Event "Skakliga 2007-08"]
[Site "Denmark"]
[Date "2008.01.12"]
[Round "4.1"]
[White "Hansen, Sune Berg"]
[Black "Hector, Jonny"]
[Result "1-0"]
[WhiteElo "2567"]
[BlackElo "2550"]
[PlyCount "81"]
[EventDate "2007.11.10"]
[EventType "team-tourn"]
[EventRounds "9"]
[EventCountry "DEN"]
[Source "ChessBase"]
[SourceDate "2003.11.25"]
[WhiteTeam "Helsingor"]
[BlackTeam "Nordkalotten"]
[WhiteTeamCountry "DEN"]
[BlackTeamCountry "DEN"]

1. e4 e5 2. Nf3 Nc6 3. Bc4 Nf6 4. d3 Bc5 5. c3 a6 6. Bb3 d6 7. O-O Ba7 8. Re1
h6 9. Nbd2 Qe7 10. Nf1 Ng4 11. d4 f5 12. exf5 Bxf5 13. Ng3 Bh7 14. h3 Nf6 15.
dxe5 dxe5 16. Be3 Rd8 17. Qc1 Bxe3 18. Qxe3 Nd5 19. Qc1 Rd7 20. Nxe5 Nxe5 21.
f4 Nd3 22. Rxe7+ Kxe7 23. Qd2 N5xf4 24. Ne2 Nxe2+ 25. Qxe2+ Kd8 26. Rd1 Re8 27.
Qg4 g5 28. Ba4 b5 29. Bc2 Re3 30. Bxd3 Bxd3 31. h4 Re4 32. Qf3 g4 33. Qf6+ Ree7
34. Qxh6 Rd6 35. Qg5 Be2 36. Rxd6+ cxd6 37. h5 Bd3 38. Qd5 Be4 39. Qxd6+ Ke8
40. Qf4 Bb7 41. Qxg4 1-0

[Event "Skakliga 2007-08"]
[Site "Denmark"]
[Date "2008.01.12"]
[Round "4.2"]
[White "Kristensen, Kaare Hove"]
[Black "Mortensen, Erling"]
[Result "0-1"]
[WhiteElo "2318"]
[BlackElo "2456"]
[PlyCount "106"]
[EventDate "2007.11.10"]
[EventType "team-tourn"]
[EventRounds "9"]
[EventCountry "DEN"]
[Source "ChessBase"]
[SourceDate "2003.11.25"]
[WhiteTeam "Nordkalotten"]
[BlackTeam "Helsingor"]
[WhiteTeamCountry "DEN"]
[BlackTeamCountry "DEN"]

1. e4 c5 2. Nf3 e6 3. d4 cxd4 4. Nxd4 a6 5. f4 b5 6. Qf3 Bb7 7. Bd3 Nf6 8. Be3
d6 9. Nd2 Nbd7 10. g4 Nc5 11. g5 Nfd7 12. O-O g6 13. h4 Bg7 14. h5 O-O 15. Rae1
e5 16. Ne2 exf4 17. Bxf4 Ne6 18. Qg3 Nxf4 19. Nxf4 Bxb2 20. Nd5 Be5 21. Qg4 Bg7
22. Nf3 Bxd5 23. exd5 Nc5 24. Kg2 Ra7 25. Rh1 Re8 26. h6 Bc3 27. Rxe8+ Qxe8 28.
Qf4 Qd8 29. Nd2 Bxd2 30. Qxd2 Re7 31. Kh3 Re5 32. Re1 f6 33. Rxe5 fxe5 34. Kh4
Qf8 35. Qe3 b4 36. Be2 a5 37. Bg4 Qf1 38. Kg3 Qc4 39. Qf3 Qc3 40. Qxc3 bxc3 41.
Kf3 Nd3 42. Ke3 Nb4 43. Bd1 Nxa2 44. Kd3 Nb4+ 45. Kc4 Kf8 46. Bf3 Nxc2 47. Kxc3
Nd4 48. Be4 Ne2+ 49. Kc4 Nf4 50. Kb5 Nh3 51. Kc6 Nxg5 52. Bxg6 hxg6 53. Kxd6 e4
0-1

[Event "Skakliga 2007-08"]
[Site "Denmark"]
[Date "2008.01.12"]
[Round "4.3"]
[White "Jorgensen, Michael"]
[Black "Ejsing, Esben"]
[Result "0-1"]
[WhiteElo "2217"]
[BlackElo "2244"]
[PlyCount "96"]
[EventDate "2007.11.10"]
[EventType "team-tourn"]
[EventRounds "9"]
[EventCountry "DEN"]
[Source "ChessBase"]
[SourceDate "2003.11.25"]
[WhiteTeam "Helsingor"]
[BlackTeam "Nordkalotten"]
[WhiteTeamCountry "DEN"]
[BlackTeamCountry "DEN"]

1. d4 Nf6 2. c4 c5 3. d5 d6 4. Nc3 e5 5. e4 g6 6. f3 Bg7 7. Be3 Na6 8. Qd2 Nc7
9. Bd3 Bd7 10. Nge2 Qe7 11. O-O Nh5 12. Rab1 f5 13. exf5 gxf5 14. f4 O-O 15.
fxe5 Bxe5 16. Nf4 Nf6 17. h3 Ne4 18. Qc2 Rae8 19. Rbe1 Qh4 20. Qc1 Bg7 21. Nce2
Re5 22. Kh2 Rfe8 23. g3 Qe7 24. Ng2 b5 25. Bf4 bxc4 26. Bxc4 Rxd5 27. Nc3 Be6
28. Nxe4 fxe4 29. Rxe4 Rd4 30. Bxe6+ Nxe6 31. Re2 Qd7 32. Rfe1 Nc7 33. Bd2 Rxe2
34. Rxe2 Nd5 35. Qe1 Bf6 36. Bc3 Nxc3 37. bxc3 Ra4 38. Qd1 d5 39. Qb3 Rc4 40.
Ne3 Rxc3 41. Qb8+ Kg7 42. Qf4 Rxe3 43. Qxe3 c4 44. g4 d4 45. Qe4 d3 46. Rd2 Qd4
47. Qb7+ Kg6 48. h4 Qf4+ 0-1

[Event "Skakliga 2007-08"]
[Site "Denmark"]
[Date "2008.01.12"]
[Round "4.4"]
[White "Jakobsen, Peter"]
[Black "Larsen, Ole Bogh"]
[Result "1/2-1/2"]
[WhiteElo "2215"]
[BlackElo "2235"]
[PlyCount "49"]
[EventDate "2007.11.10"]
[EventType "team-tourn"]
[EventRounds "9"]
[EventCountry "DEN"]
[Source "ChessBase"]
[SourceDate "2003.11.25"]
[WhiteTeam "Nordkalotten"]
[BlackTeam "Helsingor"]
[WhiteTeamCountry "DEN"]
[BlackTeamCountry "DEN"]

1. e4 e5 2. Nf3 Nc6 3. Bb5 a6 4. Ba4 Nf6 5. O-O Be7 6. Re1 b5 7. Bb3 O-O 8. h3
d6 9. c3 Na5 10. Bc2 c5 11. d4 Qc7 12. Nbd2 cxd4 13. cxd4 Rd8 14. d5 Bd7 15.
Nf1 Rdc8 16. Bd3 h6 17. Ng3 Qd8 18. b3 Nb7 19. Be3 Nc5 20. Rc1 Nxd3 21. Qxd3
Qa5 22. Qb1 Bd8 23. Qb2 Rxc1 24. Rxc1 Rc8 25. Rxc8 1/2-1/2

[Event "Skakliga 2007-08"]
[Site "Denmark"]
[Date "2008.01.12"]
[Round "4.5"]
[White "Fagerstrom, Bjorn"]
[Black "Nielsen, Lars Aaes"]
[Result "0-1"]
[WhiteElo "2159"]
[BlackElo "2201"]
[PlyCount "68"]
[EventDate "2007.11.10"]
[EventType "team-tourn"]
[EventRounds "9"]
[EventCountry "DEN"]
[Source "ChessBase"]
[SourceDate "2003.11.25"]
[WhiteTeam "Helsingor"]
[BlackTeam "Nordkalotten"]
[WhiteTeamCountry "DEN"]
[BlackTeamCountry "DEN"]

1. d4 e6 2. e4 d5 3. Nc3 Bb4 4. e5 c5 5. a3 Bxc3+ 6. bxc3 Ne7 7. Qg4 Qc7 8.
Qxg7 Rg8 9. Qxh7 cxd4 10. Ne2 dxc3 11. f4 b6 12. Nd4 Ba6 13. Bxa6 Nxa6 14. Nb5
Qc5 15. Nd6+ Kd7 16. Qh3 Nc7 17. Be3 d4 18. Ne4 Qc4 19. Nf6+ Kc6 20. Nxg8 Rxg8
21. Qf3+ Ncd5 22. Bf2 Nf5 23. g3 Kc5 24. Qe2 Nde3 25. Qxc4+ Kxc4 26. Bxe3 Nxe3
27. Rc1 b5 28. Kf2 a5 29. Rhe1 Nxc2 30. Rxc2 d3 31. Ra2 d2 32. Rg1 Kd3 33. h4
c2 34. Raa1 Rc8 0-1

[Event "Skakliga 2007-08"]
[Site "Denmark"]
[Date "2008.01.12"]
[Round "4.6"]
[White "Koch, Soren Andreas"]
[Black "Dalsberg, Sandra de Blecourt"]
[Result "1-0"]
[WhiteElo "2094"]
[BlackElo "2052"]
[PlyCount "55"]
[EventDate "2007.11.10"]
[EventType "team-tourn"]
[EventRounds "9"]
[EventCountry "DEN"]
[Source "ChessBase"]
[SourceDate "2003.11.25"]
[WhiteTeam "Nordkalotten"]
[BlackTeam "Helsingor"]
[WhiteTeamCountry "DEN"]
[BlackTeamCountry "DEN"]

1. d4 d5 2. c4 c6 3. Nf3 Nf6 4. Nc3 dxc4 5. e4 b5 6. e5 Nd5 7. a4 e6 8. axb5
Nxc3 9. bxc3 cxb5 10. Ng5 Bb7 11. Qh5 g6 12. Qg4 h6 13. Ne4 Bxe4 14. Qxe4 Qd5
15. Qf4 Nc6 16. Be2 a5 17. O-O Be7 18. Bf3 Qd7 19. Rd1 Bg5 20. Qe4 Rc8 21. d5
exd5 22. Rxd5 Qe7 23. Bxg5 hxg5 24. Rxb5 Rh4 25. Qe3 Qd7 26. e6 fxe6 27. Qxg5
Ne7 28. Rd1 1-0

[Event "Skakliga 2007-08"]
[Site "Denmark"]
[Date "2008.01.12"]
[Round "4.7"]
[White "Jensen, Ib"]
[Black "Andersen, Peter Vestergaard"]
[Result "1-0"]
[WhiteElo "1930"]
[BlackElo "1913"]
[PlyCount "67"]
[EventDate "2007.11.10"]
[EventType "team-tourn"]
[EventRounds "9"]
[EventCountry "DEN"]
[Source "ChessBase"]
[SourceDate "2003.11.25"]
[WhiteTeam "Helsingor"]
[BlackTeam "Nordkalotten"]
[WhiteTeamCountry "DEN"]
[BlackTeamCountry "DEN"]

1. d4 d5 2. Nf3 Nf6 3. Bf4 c6 4. e3 Bg4 5. c4 e6 6. Qb3 Qc8 7. Ne5 Bf5 8. Nc3
Be7 9. Be2 Nbd7 10. O-O O-O 11. Rac1 Ne4 12. Nxe4 Bxe4 13. cxd5 exd5 14. Bg4 f5
15. f3 Nxe5 16. Bxe5 Bd3 17. Qxd3 fxg4 18. e4 gxf3 19. exd5 Qg4 20. Rxf3 Rxf3
21. Qxf3 Qg5 22. Rd1 Rf8 23. Qb3 cxd5 24. Qxd5+ Kh8 25. Qe4 h5 26. h3 b6 27. b3
Bb4 28. d5 Qd8 29. Qxb4 Re8 30. Qd4 Qg5 31. d6 Rxe5 32. d7 Rd5 33. Qxd5 Qe3+
34. Kh1 1-0

[Event "Skakliga 2007-08"]
[Site "Denmark"]
[Date "2008.01.12"]
[Round "4.8"]
[White "Noer, Martin Stampe"]
[Black "Molin, Claus"]
[Result "0-1"]
[WhiteElo "1828"]
[BlackElo "1973"]
[PlyCount "68"]
[EventDate "2007.11.10"]
[EventType "team-tourn"]
[EventRounds "9"]
[EventCountry "DEN"]
[Source "ChessBase"]
[SourceDate "2003.11.25"]
[WhiteTeam "Nordkalotten"]
[BlackTeam "Helsingor"]
[WhiteTeamCountry "DEN"]
[BlackTeamCountry "DEN"]

1. d4 Nf6 2. Bg5 d5 3. Bxf6 exf6 4. e3 Be6 5. Nd2 f5 6. Ngf3 Bd6 7. g3 Nd7 8.
Bg2 Nf6 9. O-O Ne4 10. Qe2 c6 11. c4 O-O 12. c5 Bc7 13. b4 Bd7 14. a4 a6 15.
Qd3 Re8 16. Qb3 Qf6 17. Rfd1 g5 18. Nxe4 fxe4 19. Ne1 Bg4 20. Rd2 Qf5 21. Qc2
Qf6 22. Ra3 Re6 23. Rb3 Rae8 24. Qb1 Qh6 25. Nc2 Qh5 26. Qf1 Rh6 27. h3 Ree6
28. Ne1 Ref6 29. f4 exf3 30. hxg4 Qh2+ 31. Kf2 fxg2+ 32. Nf3 gxf1=Q+ 33. Kxf1
Qxd2 34. e4 Rh1# 0-1

[Event "Skakliga 2007-08"]
[Site "Denmark"]
[Date "2008.01.12"]
[Round "4.1"]
[White "Nielsen, Peter Heine"]
[Black "Skytte, Rasmus"]
[Result "1-0"]
[WhiteElo "2628"]
[BlackElo "2409"]
[PlyCount "49"]
[EventDate "2007.11.10"]
[EventType "team-tourn"]
[EventRounds "9"]
[EventCountry "DEN"]
[Source "ChessBase"]
[SourceDate "2003.11.25"]
[WhiteTeam "Helsinge"]
[BlackTeam "Aarhus/Skolerne"]
[WhiteTeamCountry "DEN"]
[BlackTeamCountry "DEN"]

1. Nf3 c5 2. c4 Nc6 3. d4 cxd4 4. Nxd4 Qb6 5. Nb5 a6 6. N5c3 e6 7. g3 Bc5 8.
Ne4 Nf6 9. Nxc5 Qxc5 10. Nd2 d5 11. Bg2 dxc4 12. b3 O-O 13. Nxc4 Rd8 14. Qc2
Nd4 15. Qb2 Qh5 16. Bf4 Bd7 17. Be5 Bc6 18. f3 Nf5 19. O-O Qg6 20. e4 Ne7 21.
Nb6 Ra7 22. Rfd1 Re8 23. Qd4 h5 24. Bd6 e5 25. Qf2 1-0

[Event "Skakliga 2007-08"]
[Site "Denmark"]
[Date "2008.01.12"]
[Round "4.2"]
[White "Sorensen, Jan"]
[Black "Berg, Emanuel"]
[Result "1/2-1/2"]
[WhiteElo "2423"]
[BlackElo "2580"]
[PlyCount "88"]
[EventDate "2007.11.10"]
[EventType "team-tourn"]
[EventRounds "9"]
[EventCountry "DEN"]
[Source "ChessBase"]
[SourceDate "2003.11.25"]
[WhiteTeam "Aarhus/Skolerne"]
[BlackTeam "Helsinge"]
[WhiteTeamCountry "DEN"]
[BlackTeamCountry "DEN"]

1. e4 e6 2. d4 d5 3. Nd2 Nf6 4. e5 Nfd7 5. f4 c5 6. Ngf3 Nc6 7. Nb3 Qb6 8. c3
a5 9. a4 cxd4 10. Nfxd4 Nc5 11. Bb5 Bd7 12. Be3 Nxb3 13. Qxb3 Bc5 14. O-O O-O
15. Qd1 f6 16. exf6 Rxf6 17. Qd3 Raf8 18. Rae1 Bxd4 19. cxd4 Nb8 20. Rc1 R6f7
21. g3 Bxb5 22. Qxb5 Qxb5 23. axb5 Nd7 24. Bd2 a4 25. Bb4 Re8 26. Ra1 Nb6 27.
Bc5 Nc4 28. Rxa4 Nxb2 29. Ra7 Nc4 30. Rfa1 h6 31. Ra8 Rxa8 32. Rxa8+ Kh7 33. b6
Kg6 34. Kf2 e5 35. dxe5 Nxe5 36. Ke3 Nd7 37. Kd4 Rf6 38. Ra7 Rc6 39. Rxb7 Nxc5
40. Kxd5 Nxb7 41. Kxc6 Na5+ 42. Kb5 Nb7 43. Kc6 Na5+ 44. Kb5 Nb7 1/2-1/2

[Event "Skakliga 2007-08"]
[Site "Denmark"]
[Date "2008.01.12"]
[Round "4.3"]
[White "Schandorff, Lars"]
[Black "Jelling, Erik"]
[Result "1-0"]
[WhiteElo "2525"]
[BlackElo "2398"]
[PlyCount "60"]
[EventDate "2007.11.10"]
[EventType "team-tourn"]
[EventRounds "9"]
[EventCountry "DEN"]
[Source "ChessBase"]
[SourceDate "2003.11.25"]
[WhiteTeam "Helsinge"]
[BlackTeam "Aarhus/Skolerne"]
[WhiteTeamCountry "DEN"]
[BlackTeamCountry "DEN"]

1. d4 f5 2. g3 Nf6 3. Bg2 g6 4. Nf3 Bg7 5. O-O O-O 6. c4 d6 7. Nc3 Qe8 8. d5 a5
9. Rb1 Bd7 10. b3 Na6 11. Be3 h6 12. a3 g5 13. b4 axb4 14. axb4 f4 15. Bd4 Qh5
16. Bxf6 Bxf6 17. Qd3 g4 18. Nd4 Qe5 19. Qg6+ Bg7 20. Be4 Rf6 21. Qh7+ Kf8 22.
e3 f3 23. Bg6 Qg5 24. Bd3 Rf7 25. Ne6+ Bxe6 26. dxe6 Rf6 27. Ne4 Qe5 28. Nxf6
Qxf6 29. Qe4 c6 30. Qxg4 Nc7 1-0

[Event "Skakliga 2007-08"]
[Site "Denmark"]
[Date "2008.01.12"]
[Round "4.4"]
[White "Rasmussen, Casper Dahl"]
[Black "Hutters, Tomas"]
[Result "0-1"]
[WhiteElo "2368"]
[BlackElo "2437"]
[PlyCount "54"]
[EventDate "2007.11.10"]
[EventType "team-tourn"]
[EventRounds "9"]
[EventCountry "DEN"]
[Source "ChessBase"]
[SourceDate "2003.11.25"]
[WhiteTeam "Aarhus/Skolerne"]
[BlackTeam "Helsinge"]
[WhiteTeamCountry "DEN"]
[BlackTeamCountry "DEN"]

1. d4 Nf6 2. c4 g6 3. Nc3 Bg7 4. e4 d6 5. Nf3 O-O 6. Be2 Bg4 7. O-O Nfd7 8. Bg5
Nc6 9. d5 Bxf3 10. Bxf3 Nd4 11. Be2 c6 12. Qd2 Re8 13. Rae1 Qa5 14. Bd3 Ne5 15.
f4 Qc5 16. Kh1 Nxc4 17. Bxc4 Qxc4 18. f5 Nb5 19. Nxb5 Qxb5 20. b3 Rac8 21. Rf3
Qc5 22. Qf4 cxd5 23. fxg6 fxg6 24. Qf7+ Kh8 25. Bxe7 Qc7 26. Rh3 Qxe7 27. Qxg6
Be5 0-1

[Event "Skakliga 2007-08"]
[Site "Denmark"]
[Date "2008.01.12"]
[Round "4.5"]
[White "Vaznonis, Vytautas"]
[Black "Boe, Mads"]
[Result "0-1"]
[WhiteElo "2384"]
[BlackElo "2355"]
[PlyCount "66"]
[EventDate "2007.11.10"]
[EventType "team-tourn"]
[EventRounds "9"]
[EventCountry "DEN"]
[Source "ChessBase"]
[SourceDate "2003.11.25"]
[WhiteTeam "Helsinge"]
[BlackTeam "Aarhus/Skolerne"]
[WhiteTeamCountry "DEN"]
[BlackTeamCountry "DEN"]

1. d4 f5 2. c4 Nf6 3. Nf3 g6 4. b4 Bg7 5. Bb2 d6 6. Nbd2 O-O 7. e3 Qe8 8. Qb3
Kh8 9. Bd3 Nbd7 10. O-O e5 11. dxe5 Nxe5 12. Nxe5 dxe5 13. e4 Nh5 14. exf5 gxf5
15. Rfe1 Nf4 16. Bf1 Ng6 17. Nf3 e4 18. Bxg7+ Kxg7 19. Qc3+ Rf6 20. Nd4 Qe5 21.
Rad1 Bd7 22. f4 Qe7 23. g3 c5 24. bxc5 Qxc5 25. Re3 Re8 26. Nb3 Qe7 27. c5 Rc8
28. Qa5 a6 29. Qb4 Be6 30. Rd6 Bxb3 31. Rxb3 Rc7 32. Qd4 Nf8 33. Bc4 b5 0-1